Artilharia da Liga dos Campeões 2015/16 - Statistics

Estatísticas Gerais
  • Esse quiz foi jogado 130 vezes
  • A pontuação média é 9 de 11
Estatísticas das Respostas
Nacionalidade Jogador Gols Clube % Correto
Português Cristiano Ronaldo 16 Real Madrid
100%
Polonês Lewandowski 9 Bayern Munich
99%
Argentino Messi 6 Barcelona
99%
Uruguaio Suárez 8 Barcelona
98%
Alemão Müller 8 Bayern Munich
97%
Francês Griezmann 7 Atlético Madrid
96%
Sueco Ibrahimovic 5 PSG
96%
Brasileiro Willian 5 Chelsea
77%
Mexicano Chicharito 5 Bayer Leverkusen
73%
Francês Giroud 5 Arsenal
59%
Russo Dzyuba 6 Zenit
27%
Nenhum quiz correspondente encontrado
Distribuição das Pontuações
Porcentagem de Pessoas com Cada Pontuação
Percentil de Números Respondidos
Sua Pontuação Histórica
Você não jogou esse quiz